[Event "Rutas de Cuenca op 6th"]
[Site "Cuenca"]
[Date "2019.07.21"]
[Round "7"]
[White "Sanchez Schneider, Manuel"]
[Black "Lopez Escribano, Oscar"]
[Result "0-1"]
[WhiteElo "1645"]
[BlackElo "1766"]
[PlyCount "162"]
[EventDate "2019.07.19"]
[EventType "swiss"]
[EventRounds "7"]
[EventCountry "ESP"]
[SourceTitle "CBM 195 Extra"]
[Source "ChessBase"]
[SourceDate "2020.05.31"]
[SourceVersion "1"]
[SourceVersionDate "2020.05.31"]
[SourceQuality "1"]

1. d4 g6 2. c4 Bg7 3. Nc3 d6 4. Bf4 Nf6 5. e3 0-0 6. Be2 Nfd7 7. Nf3 e5 8. dxe5 dxe5 9. Bg5 f6 10. Bh4 c6 11. 0-0 Qe7 12. Rb1 Rd8 13. Qc2 Na6 14. a3 Nb6 15. b4 g5 16. Bg3 Be6 17. c5 Nc4 18. Bxc4 Bxc4 19. Rfd1 Nc7 20. Ne4 Bf7 21. Nd6 Bg6 22. Qc4+ Kh8 23. Rbc1 Ne8 24. Nxe8 Bxe8 25. Nd2 Bf7 26. Qc2 Bd5 27. e4 Bf7 28. Nc4 h5 29. f3 Be6 30. Nd6 h4 31. Be1 Rd7 32. Qe2 Bh6 33. Bd2 Rad8 34. g3 Rg8 35. Kf2 Qh7 36. Qe3 Rg6 37. g4 Rg8 38. Bc3 Rgd8 39. Qe2 Bf8 40. Nf5 Bxf5 41. exf5 Qf7 42. Rxd7 Qxd7 43. Rc2 Qf7 44. Rd2 Rd5 45. Rxd5 cxd5 46. Qb5 d4 47. Be1 Qa2+ 48. Kf1 h3 49. Bf2 Qf7 50. c6 bxc6 51. Qxc6 Kg7 52. Qc2 Qd7 53. Qc4 Be7 54. Ke2 Bd8 55. b5 Bb6 56. Kd3 Qd6 57. a4 Kf8 58. Qc8+ Ke7 59. Qb7+ Kd8 60. Qc6 Qxc6 61. bxc6 Kc7 62. Kc4 Kxc6 63. Be1 a6 64. Bb4 Kd7 65. Kd5 d3 66. Ke4 Bg1 67. f4 exf4 68. Kf3 Be3 69. Bc3 Ke7 70. Bb4+ Kf7 71. Bc3 Bg1 72. Be1 Bxh2 73. Bd2 Bg3 74. Bc3 Ke7 75. Bb4+ Kd7 76. Bc3 h2 77. Kg2 Kc6 78. a5 Kc5 79. Kh1 Kc4 80. Bd2 Kb3 81. Bc1 Kc2 0-1

[Event "Alzira Chrismas 7th"]
[Site "Alzira"]
[Date "2017.12.27"]
[Round "2.2"]
[White "Lopez Escribano, Oscar"]
[Black "Uran Bermudez, Oliver Kevin"]
[Result "1/2-1/2"]
[WhiteElo "1787"]
[BlackElo "2063"]
[PlyCount "99"]
[EventDate "2017.12.27"]
[EventType "swiss"]
[EventRounds "8"]
[EventCountry "ESP"]
[SourceTitle "EXT 2024"]
[Source "ChessBase"]
[SourceDate "2023.10.10"]
[SourceVersion "1"]
[SourceVersionDate "2023.10.10"]
[SourceQuality "1"]

1. d4 c5 2. d5 Nf6 3. c4 e5 4. Nc3 d6 5. e4 Be7 6. Bd3 Nbd7 7. Nge2 Nf8 8. a4 Ng6 9. Ng3 Nh4 10. 0-0 Qd7 11. Nf5 Nxf5 12. exf5 g6 13. fxg6 hxg6 14. f4 exf4 15. Bxf4 Nh5 16. Qf3 Kd8 17. Bd2 f5 18. Nb5 Bf6 19. Bc3 Bxc3 20. Nxc3 Qg7 21. Rae1 Bd7 22. Re2 Kc7 23. Rfe1 Rae8 24. Qf2 Nf6 25. h3 Rxe2 26. Rxe2 Re8 27. Rxe8 Nxe8 28. Qe3 Qe5 29. Qxe5 dxe5 30. Be2 Kb6 31. g4 Ka5 32. gxf5 Bxf5 33. h4 a6 34. Nd1 Kxa4 35. Ne3 Ka5 36. Nxf5 gxf5 37. h5 Kb6 38. h6 Nf6 39. Bh5 Kc7 40. Bg6 b5 41. h7 Nxh7 42. Bxh7 bxc4 43. Bxf5 Kd6 44. Be4 a5 45. Kf1 a4 46. Bc2 Kxd5 47. Bxa4 c3 48. bxc3 Kc4 49. Ke2 Kxc3 50. Ke3 1/2-1/2